书目信息 |
| 题名: |
原子结构
|
|
| 作者: | ;浙江大学普通化学教研组 编 | |
| 分册: | ||
| 出版信息: | 北京 人民教育出版社 1982 |
|
| 页数: | 154页 | |
| 开本: | 21cm | |
| 丛书名: | ||
| 单 册: | ||
| 中图分类: | O562.1 | |
| 科图分类: | ||
| 主题词: | 原子结构 | |
| 电子资源: | ||
| ISBN: | ||
| 000 | 00683nam0 2200241 45 | |
| 001 | 0183012036 | |
| 005 | 20040517102644.2 | |
| 010 | @dCNY0.53 | |
| 091 | @a13012.0765 | |
| 100 | @a19950626e19831982em y0chiy0121 ea | |
| 101 | 0 | @achi |
| 102 | @aCN@b110000 | |
| 105 | @ay z 000yy | |
| 106 | @ar | |
| 200 | 10 | @a原子结构@Ayuan zi jie gou@f浙江大学普通化学教研组编 |
| 210 | @a北京@c人民教育出版社@d1982@h1983重印 | |
| 215 | @a154页@d21cm | |
| 606 | @a原子结构 | |
| 690 | @aO562.1@v3 | |
| 711 | 02 | @a浙江大学普通化学教研组@Azhe jiang da xue pu tong hua xue jiao yan zu@4编 |
| 801 | 0 | @aCN@b上海图书馆@c20040517 |
| 801 | 2 | @aCN@bNLC@c20040517 |
| 905 | @f2@b101387-388@dO562.1@e15 | |
| 原子结构/浙江大学普通化学教研组编.-北京:人民教育出版社,1982(1983重印) |
| 154页;21cm |
| ISBN :CNY0.53 |
| ● |
| 相关链接 |
|
|
|
|
正题名:原子结构
索取号:O562.1/15
 
预约/预借
| 序号 | 登录号 | 条形码 | 馆藏地/架位号 | 状态 | 备注 |
| 1 | 0101387 | 001451075 | 第三借阅区/ [索取号:O562.1/15] | 在馆 | |
| 2 | 0101388 | 001451066 | 第三借阅区/ [索取号:O562.1/15] | 在馆 | |
| 3 | 0101389 | 202121499 | 第二样本阅览室/ [索取号:O562.1/15] | 在馆 |